000 00872nam a22002175i 4500
001 170125
003 ES-MaACL
005 20251010170458.0
008 090204s1985 sp |||| | spa d
080 _a76 Álvarez, Francisco (083.824)
100 1 _aÁlvarez, Francisco.
_9223313
245 1 0 _aÁlvarez
_b: obra gráfica : Ministerio de Cultura, Dirección General del Libro y Bibliotecas, Biblioteca Nacional, marzo 1986.
260 _a[Madrid] :
_bDirección General del Libro y Bibliotecas,
_c[1985]
300 _a47 p. :
_bprincipalmente il. col. y n. ;
_c25 cm.
600 1 7 _aÁlvarez, Francisco,
_d1936-2024-
_vExposiciones
_2
_9139343
655 7 _2tgfbne
_9193628
_aCatálogos de exposiciones
710 2 _aBiblioteca Nacional (España)
_92188
852 _aES-MaACL
_j2240-F-17
_bR.122337
_9176782
_cDEPOF
942 _2udc
999 _c170125
_d170125